000 02377nam a2200421 a 4500
003 CO-PeBPR
005 20260429092358.0
008 260415e2024 ck a|||| n||| 00| 0 spa c
020 _a9786287695146
040 0 _aCO-PeBPR
_bspa
_cCO-PeBPR
_erda
041 0 _hspa
082 0 4 _a613.071 S717v
245 1 0 _a¡Vivamos vital!
_b: Principios de autocuidado y prevención de enfermedades. ¡Toma el control de tu salud!
_c/ José Albeiro Sotelo M.. [y otros cuatro] ; ilustraciones de Darío Ordoñez Portilla
250 _aEdición especial
264 1 _aBogotá, Colombia
_b: Manual Moderno Colombia
_c, 2024
300 _axviii, 318 páginas
_b: ilustraciones a color
_c; 23 centímetros
336 _atexto
_btxt
_crdacontenido
337 _asin mediación
_bn
_2rdamedio
338 _avolumen
_bnc
_2rdasoporte
490 _aPlan Nacional de Lectura, Escritura y Oralidad / Ministerio de las Culturas, las Artes y los saberes
500 _aIncluye índice.
500 _aIncluye glosario.
500 _aContiene datos biográficos del autor.
504 _aIncluye bibliografía.
520 _a¡Vivamos vital! aporta conceptos generales sobre la salud, la enfermedad, la vida y la muerte. La enfermedad desde la perspectiva genética, epidemiológica, social y antropológica; así como las causas más comunes de enfermedad y deceso en la población colombiana y en el mundo. Aborda la prevención de enfermedades de medicina interna, oncología, pediatría vida sexual y reproductiva, ginecología y obstetricia, salud mental y oral, inculca el cuidado de cada sistema de nuestro cuerpo, recalcando la importancia de la prevención de enfermedades, los estilos de vida saludables, el autocuidado y las acciones educativas para la población en general, que repercutan en un estado de salud sano.
521 _aRecomendado para jóvenes y adultos.
650 1 4 _2LEMB
_aAutocuidado
650 1 4 _2LEMB
_aPrevención de enfermedades
650 1 4 _2LEMB
_aEnfermedades
_xPrevención
650 1 4 _2LEMB
_aPromoción de la salud
700 1 _aSotelo M., José Albeiro
_eautor
700 1 _aValencia Cuéllar, Antonio
_eautor
700 1 _aAcosta, Ospitia, Eduardo Julián
_eautor
700 1 _aValencia Quivano, Juan Pablo
_eautor
700 1 _aSotelo Muñoz, Manuelita María Camila
_eautora
700 1 _aOrdoñez Portilla, Darío
_eilustrador
942 _2ddc
_cBK
999 _c17814
_d17814